|
|
|
|
| LEADER |
00906nam a2200253 a 4500 |
| 001 |
c000337820 |
| 003 |
CARM |
| 005 |
00000000000000.0 |
| 008 |
820813s1959 nyuab b 00110 eng d |
| 019 |
1 |
|
|a 2274343
|z 27510633
|5 LACONCORD2021
|
| 035 |
|
|
|a (OCoLC)489637
|5 LACONCORD2021
|
| 040 |
|
|
|d XCC
|
| 100 |
1 |
|
|a Honigmann, John J.
|q (John Joseph),
|d 1914-1977.
|
| 245 |
1 |
4 |
|a The world of man /
|c John J. Honigmann.
|
| 260 |
|
|
|a New York :
|b Harper and Row,
|c 1959.
|
| 300 |
|
|
|a xii, 971 p. :
|b ill. maps ;
|c 24 cm.
|
| 500 |
|
|
|a Includes index.
|
| 504 |
|
|
|a Bibliography: p. 883-940.
|
| 650 |
|
0 |
|a Anthropology.
|
| 650 |
|
0 |
|a Physical anthropology.
|
| 852 |
8 |
|
|b CARM
|h A1:AN25B0
|i B08821
|p 0413669
|f BK
|
| 082 |
0 |
4 |
|a 301
|2 20
|
| 999 |
f |
f |
|i 1a1a7dd3-c220-5333-84d0-16a4889b4203
|s ae7c37f3-2d40-5e61-9c34-762ffd9b274e
|
| 952 |
f |
f |
|p Can circulate
|a CAVAL
|b CAVAL
|c CAVAL
|d CARM 1 Store
|e B08821
|f A1:AN25B0
|h Other scheme
|i book
|m 0413669
|